| 000 | 00926cam a2200229 4500 | ||
|---|---|---|---|
| 001 | WB3740-13 | ||
| 008 | 011024n2001 000 0 eng u | ||
| 035 | _a(Sirsi) u115282 | ||
| 245 | _aManufacturing in 'critical condition' | ||
| 260 | _c2001 | ||
| 490 |
_aRICS Management Consultancy Faculty News _v18 October 2001, (1) |
||
| 520 | _aAccording to the latest quarterly survey by the British Chambers of Commerce (BCC), UK companies are suffering huge export losses and declining home sales and order, and prospects are poor for the coming three months. British Chambers of Commerce News Release: http://www.britishchambers.org.uk/newsandpolicy/press/archive/2001/oct11.htm | ||
| 590 | _aWB | ||
| 650 | _aBRITISH CHAMBERS OF COMMERCE | ||
| 650 | _aMANUFACTURING INDUSTRY | ||
| 650 | _aEXPORTS | ||
| 650 | _aSERVICE SECTOR | ||
| 650 | _aDOWNTURN | ||
| 650 | _aLOSSES | ||
| 690 | _aECONOMIC ISSUES | ||
| 942 | _n0 | ||
| 999 |
_c68659 _d68659 |
||